Language and Identity in Englishes / (رقم التسجيلة. 35030)

تفاصيل مارك
000 -الفاتح
حقل البيانات ثابتة الطول 01143nam a22002897a 4500
001 - رقم الضبط
رقم الضبط 17495051
003 - محدد رقم الضبط
رقم الضبط OSt
005 - وقت وتاريخ اخر تعامل مع التسجيلة
رقم الضبط 20150408114217.0
008 - عناصر البيانات ثابتة الطول - معلومات عامة
حقل البيانات ثابتة الطول 140514s2013 enk g b 001 0 eng
020 ## - الرقم الدولى المعيارى للكتب
الرقم الدولى المعيارى للكتاب 9780415669887 (hbk)
020 ## - الرقم الدولى المعيارى للكتب
الرقم الدولى المعيارى للكتاب 9780415669870 (pbk)
020 ## - الرقم الدولى المعيارى للكتب
الرقم الدولى المعيارى للكتاب الملغى /الخاطئ 9780203552537 (ebk)
040 ## - مصدر الفهرسة
وكالة الفهرسة الأصلية Ma-Un
082 00 - رقم تصنيف ديوى العشرى
رقم الطبعة 22
رقم التصنيف 427
رقم المادة CUL
100 1# - المدخل الرئيسى - إسم شخصى
الإسم الشخصى Clark, Urszula.
9 (RLIN) 45003
245 10 - بيان العنوان
العنوان Language and Identity in Englishes /
بيان المسئوليه,etc Urszula Clark.
260 ## - PUBLICATION, DISTRIBUTION, ETC. (IMPRINT)
مكان الناشر او الموزع London ;
-- New York :
اسم الناشر او الموزع Routledge, Taylor & Francis Group
تاريخ النشر أو التوزيع 2013.
300 ## - الوصف المادى
التعداد x, 199 p. ;
أبعاد الوعاء 24 cm
504 ## - تبصرة ببليوجرافية
تبصرة ببليوجرافية,الخ Includes bibliographical references (pages 181-192) and index.
650 ## - المدخل الاضافى بالموضوع-مصطلح موضوعى
مصطلح موضوعي أو اسم جغرافي كعنصر مدخل English language
التقسيم الفرعي العام Social aspects.
650 ## - المدخل الاضافى بالموضوع-مصطلح موضوعى
مصطلح موضوعي أو اسم جغرافي كعنصر مدخل English language
التقسيم الفرعي العام Study and teaching
التقسيم الفرعي الجغرافي English-speaking countries.
9 (RLIN) 45004
650 ## - المدخل الاضافى بالموضوع-مصطلح موضوعى
مصطلح موضوعي أو اسم جغرافي كعنصر مدخل Language and culture
التقسيم الفرعي الجغرافي English-speaking countries.
9 (RLIN) 45005
650 ## - المدخل الاضافى بالموضوع-مصطلح موضوعى
مصطلح موضوعي أو اسم جغرافي كعنصر مدخل English language
التقسيم الفرعي العام Variation.
650 ## - المدخل الاضافى بالموضوع-مصطلح موضوعى
مصطلح موضوعي أو اسم جغرافي كعنصر مدخل Intercultural communication.
9 (RLIN) 17895
942 ## - عناصر المدخل الإضافي( كوها)
مصدر التصنيف او مخطط الترفيف Dewey Decimal Classification
Koha [default] item type كتاب
المقتنيات
حالة الفقد نموذج السعر الفعال حالة تلف ليس للاعارة رقم الطلب رقم النسخة تاريخ الاكتساب مصدر التزويد الموقع الحالي الباركود الفرع الرئيسي Date last checked out Date last seen نوع المادة فى نظام كوها مصدر التصنيف او خطة الترفيف Total Checkouts
  2014-05-14   Not For Loan 427 CUL 1 2014-05-14 دار العرب مكتبة كلية العلوم و الدراسات الإنسانية برماح - طالبات (SRF) 00211280 مكتبة كلية العلوم و الدراسات الإنسانية برماح - طالبات (SRF) 2021-09-14 2021-10-05 كتاب Dewey Decimal Classification 1
  2014-05-14     427 CUL 2 2014-05-14 دار العرب مكتبة كلية العلوم و الدراسات الإنسانية برماح - طالبات (SRF) 00211282 مكتبة كلية العلوم و الدراسات الإنسانية برماح - طالبات (SRF)   2014-05-14 كتاب Dewey Decimal Classification  
  2014-05-14   Not For Loan 427 CUL 1 2014-05-14 دار العرب مكتبة كلية العلوم و الدراسات الإنسانية برماح - طلاب (SRM) 00211281 مكتبة كلية العلوم و الدراسات الإنسانية برماح - طلاب (SRM)   2014-05-14 كتاب Dewey Decimal Classification  
  2014-05-14     427 CUL 2 2014-05-14 دار العرب مكتبة كلية العلوم و الدراسات الإنسانية برماح - طلاب (SRM) 00211283 مكتبة كلية العلوم و الدراسات الإنسانية برماح - طلاب (SRM)   2014-05-14 كتاب Dewey Decimal Classification